Sinh học nâng cao 10

Gespeichert in:
Bibliographische Detailangaben
1. Verfasser: Vũ, Văn Vụ
Weitere Verfasser: Vũ, Đức Lưu
Format: Buch
Sprache:Undetermined
Veröffentlicht: H. Giáo dục Việt Nam 2010
Schlagworte:
Online Zugang:http://lrc.tdmu.edu.vn/opac/search/detail.asp?aID=2&ID=6524
Tags: Tag hinzufügen
Keine Tags, Fügen Sie den ersten Tag hinzu!
Thư viện lưu trữ: Trung tâm Học liệu Trường Đại học Thủ Dầu Một
LEADER 00606nam a2200205Ia 4500
001 TDMU_6524
008 210410s9999 xx 000 0 und d
082 |a 570.71 
090 |b V500 
100 |a Vũ, Văn Vụ 
245 0 |a Sinh học nâng cao 10 
245 0 |c Vũ Văn Vụ 
260 |a H. 
260 |b Giáo dục Việt Nam 
260 |c 2010 
300 |a 164tr. 
650 |a Sách lớp 10; Sinh học 
700 |a Vũ, Đức Lưu 
856 |u http://lrc.tdmu.edu.vn/opac/search/detail.asp?aID=2&ID=6524 
980 |a Trung tâm Học liệu Trường Đại học Thủ Dầu Một